Soul Love - David Bowie (All Lyrics) - Statistics

General Stats
  • This quiz has been taken 11 times
  • The average score is 112 of 188
Answer Stats
Answer % Correct
A
100%
a
100%
I
100%
love
100%
Love
100%
so
100%
to
100%
All
89%
and
89%
And
89%
in
89%
is
89%
not
89%
she
89%
Soul
89%
the
89%
have
78%
it
78%
loving
78%
my
78%
of
78%
careless
67%
its
67%
just
67%
Just
67%
who
67%
dove
56%
eyes
56%
flaming
56%
Idiot
56%
none
56%
on
56%
over
56%
spark
56%
that
56%
touch
56%
before
44%
brave
44%
fusion
44%
her
44%
Inspirations
44%
kneels
44%
New
44%
will
44%
baby
33%
between
33%
choosing
33%
cross
33%
defenceless
33%
For
33%
gave
33%
God
33%
grave
33%
high
33%
his
33%
hovers
33%
life
33%
slogan
33%
son
33%
Stone
33%
strong
33%
Sweeping
33%
those
33%
word
33%
words
33%
boy
22%
can
22%
descends
22%
girl
22%
headstone
22%
how
22%
morning
22%
only
22%
penetrate
22%
priest
22%
reaching
22%
share
22%
talking
22%
they
22%
Told
22%
blindness
11%
By
11%
evolves
11%
grieving
11%
him
11%
loneliness
11%
surrounds
11%
tastes
11%
tears
11%
their
11%
they're
11%
though
11%
through
11%
up
11%
fleeting
0%
hearts
0%
hours
0%
see
0%
sleep
0%
No matching quizzes found
Score Distribution
Percent of People with Each Score
Percentile by Number Answered
Your Score History
You have not taken this quiz